Štátne poistenie v ČSSR

Na minha lista:
Detalhes bibliográficos
Autor principal: Horňák, Ján
Formato: Livro
Idioma:eslovaco
Publicado em: Bratislava Slovenské pedagogické nakladateľstvo 1968
Tags: Adicionar Tag
Sem tags, seja o primeiro a adicionar uma tag!

MARC

LEADER 00000nam a2200000 4500
001 0229234
005 20230222131013.2
041 0 |a slo 
044 |a SK 
245 1 0 |a Štátne poistenie v ČSSR  |c Ján Horňák 
264 1 |a Bratislava  |b Slovenské pedagogické nakladateľstvo  |c 1968 
300 |a 273 s. 
100 1 |a Horňák, Ján